ბათუმის შოთა რუსთაველის სახელმწიფო უნივერსიტეტის ბიბლიოთეკა

The Encyclopedia of Horses Ponies (ბიბ.ჩანაწერი № 46658)

000 -LEADER
fixed length control field 00467nam a2200205Ia 4500
001 - CONTROL NUMBER
control field 13499
003 - CONTROL NUMBER IDENTIFIER
control field GE_BSU
008 - FIXED-LENGTH DATA ELEMENTS--GENERAL INFORMATION
fixed length control field 181216s||||||||xx |||||||||||||| ||und||
020 ## - INTERNATIONAL STANDARD BOOK NUMBER
International Standard Book Number 0752580191
040 ## - CATALOGING SOURCE
Transcribing agency GE_BSU
080 ## - UNIVERSAL DECIMAL CLASSIFICATION NUMBER
Universal Decimal Classification number 636.1
100 ## - MAIN ENTRY--PERSONAL NAME
Personal name Pickeral,Tamsin
245 #4 - TITLE STATEMENT
Title The Encyclopedia of Horses Ponies
260 ## - PUBLICATION, DISTRIBUTION, ETC.
Place of publication, distribution, etc. Dubai
260 ## - PUBLICATION, DISTRIBUTION, ETC.
Name of publisher, distributor, etc. Parragon
260 ## - PUBLICATION, DISTRIBUTION, ETC.
Date of publication, distribution, etc. 1999
300 ## - PHYSICAL DESCRIPTION
Extent 384p.ill.24cm.
653 ## - INDEX TERM--UNCONTROLLED
Uncontrolled term The Encyclopedia of Horses Ponies
942 ## - ADDED ENTRY ELEMENTS (KOHA)
Koha item type წიგნი
ეგზემპლარები
Withdrawn status Lost status Damaged status Not for loan Date acquired Barcode Date last seen Price effective from Koha item type
        2018-12-17 36955 2018-12-17 2018-12-17 წიგნი